Missing Word: Double Letter Novels Quiz Stats

 Plays Quiz Updated May 18, 2019

Score 0/16 Timer 04:00
0 Plays Today
Novel Missing Word % Correct
To ___ a MockingbirdKill
98.8%
The Adventures of Huckleberry ___Finn
98.4%
___ TravelsGulliver's
96.2%
___ WomenLittle
95.7%
___ KareninaAnna
94.6%
The Scarlet ___Letter
94.3%
The ___ of the WildCall
93.4%
Harry Potter and the Deathly ___Hallows
91.8%
Novel Missing Word % Correct
David ___Copperfield
91.2%
___ Men in a BoatThree
88.9%
The Wind in the ___Willows
88.7%
___ of the D'UrbervillesTess
83.4%
The ___ ThiefBook
75.2%
Heart of ___ Darkness
71.5%
The Pilgrim's ___Progress
65.8%
Mrs ___Dalloway
53.7%

Today's Daily Dose

Missing Word
Christopher Lee

You're not logged in!

Compare scores with friends on all Sporcle quizzes.
OR
Log In

Show Comments

Extras

Top Quizzes Today


Score Distribution

Your Account Isn't Verified!

In order to create a playlist on Sporcle, you need to verify the email address you used during registration. Go to your Sporcle Settings to finish the process.

Report this User

Report this user for behavior that violates our Community Guidelines.

Details: